000 00518nam a2200181 a 4500
001 000014896
005 20240412074242.0
008 100127s2005 dr 001 0 spa d
040 _aDO-SdBNP
_bspa
_cBNPHU
082 _aRD861.5
_bH553s
100 1 _aPaula, Hermes de
_933736
245 1 4 _aUna sombra en la escalera /
_cHermes de Paula.
260 _aSanto Domingo :
_bPanamericana,
_c2005.
300 _a22 p. ;
_c21 cm.
650 0 _aPoesía dominicana
_966
650 0 _aLiteratura dominicana.
_967
049 _aBNPD
999 _c14476
_d14476